Požiadavky technického práva pre vstup SR do EÚ

Na minha lista:
Detalhes bibliográficos
Autor principal: Mlákay, Jozef
Outros Autores: Lacková, Alica
Formato: Capítulo de Livro
Idioma:eslovaco
Tags: Adicionar Tag
Sem tags, seja o primeiro a adicionar uma tag!

MARC

LEADER 00000naa$a2200000$$$4500
001 0143541
005 20240502072556.4
041 0 |a slo 
044 |a SK 
245 1 0 |a Požiadavky technického práva pre vstup SR do EÚ  |c Jozef Mlákay, Alica Lacková 
100 1 |a Mlákay, Jozef 
700 1 |a Lacková, Alica